| 000 | 02369cam a2200421 a 4500 | ||
|---|---|---|---|
| 001 | 2148728 | ||
| 003 | ARRUPE | ||
| 005 | 20160811111653.0 | ||
| 008 | 980814s1998 nju b 001 0 eng | ||
| 010 | _a 98041439 | ||
| 020 | _a0865437041 (hb) | ||
| 020 | _a086543705X (pb) | ||
| 020 | _a086543705X (pbk.) | ||
| 035 | _a(OCoLC)504057596 | ||
| 035 | _a(OCoLC)ocn504057596 | ||
| 035 | _a(NNC)2148728 | ||
| 040 |
_aDLC _cDLC _dNNC _dOrLoB-B |
||
| 043 | _af------ | ||
| 050 | 0 | 0 |
_aHC800 _b.M57 1998 |
| 082 | 0 | 0 |
_a338.96 _221 |
| 100 | 1 |
_aMkandawire, P. Thandika. _924772 |
|
| 245 | 1 | 0 |
_aOur continent, our future : _bAfrican perspectives on structural adjustment / _cby Thandika Mkandawire & Charles C. Soludo. |
| 260 |
_aTrenton, NJ : _bAfrica World Press, _c1998. |
||
| 263 | _a9810 | ||
| 300 |
_axiv, 176 p. ; _c23 cm. |
||
| 504 | _aIncludes bibliographical references and index. | ||
| 505 | 0 | 0 |
_gCh. 1. _tBackground - Assessing Initial Conditions -- _gCh. 2. _tThe Crisis - Diagnosis and Prescriptions -- _gCh. 3. _tThe Adjustment Experience -- _gCh. 4. _tWidening the Road Ahead. |
| 520 | _aFor decades now, many African countries have implemented the structural adjustment programs of the Bretton Woods Institutions. The results, however, have been less than sterling. Extreme poverty and underdevelopment continue to plague what is becoming the world's "forgotten continent," and it is now generally agreed that a new approach is urgently required. | ||
| 520 | 8 | _aOur Continent, Our Future presents the emerging African perspective on this complex issue. The authors use as background their own extensive experience and a collection of 30 individual studies, 25 of which were from African economists, to summarize this African perspective and articulate a path for the future. They underscore the need to be sensitive to each country's unique history and current condition. | |
| 520 | 8 | _aThey argue for a broader policy agenda and for a much more active role for the state within what is largely a market economy. | |
| 650 | 0 |
_aStructural adjustment (Economic policy) _zAfrica. _924773 |
|
| 651 | 0 |
_aAfrica _xEconomic conditions _y1960- _93231 |
|
| 651 | 0 |
_aAfrica _xEconomic policy. _912207 |
|
| 651 | 0 |
_aAfrica _xSocial conditions _y1960- _924774 |
|
| 700 | 1 |
_aSoludo, Charles Chukwuma. _924775 |
|
| 900 | _bTOC | ||
| 942 |
_2lcc _cMONOGRAPH |
||
| 999 |
_c124907 _d124907 |
||